Rural development and diversification (Record no. 72519)

MARC details
000 -LEADER
fixed length control field 01364cam a2200253 4500
001 - CONTROL NUMBER
control field ABS66648
008 - FIXED-LENGTH DATA ELEMENTS--GENERAL INFORMATION
fixed length control field 030417n2003 000 0 eng u
035 ## - SYSTEM CONTROL NUMBER
System control number (Sirsi) u122042
100 ## - MAIN ENTRY--PERSONAL NAME
Personal name Bartlett, K.
245 ## - TITLE STATEMENT
Title Rural development and diversification
260 ## - PUBLICATION, DISTRIBUTION, ETC.
Date of publication, distribution, etc. 2003
490 ## - SERIES STATEMENT
Series statement RICS Rural Professional
Volume/sequential designation December 2002, 16-17 (2)
490 ## - SERIES STATEMENT
Series statement RICS Rural Professional
Volume/sequential designation February/March 2003, 38-39(2)
520 ## - SUMMARY, ETC.
Summary, etc. In the wake of Sir Donald Curry's report on "The future of farming and food", rural professionals and their clients need to examine the challenges that face them and what opportunites are available. The first part identifies what problems rural professionals facein getting projects off the ground and goes on to identify what opportunities exist under land-based schemes such as Countryside Stewardship Scheme and Woodland Grant Scheme and also project-based schemes that are focused on individual developments rather than areas of land. The second article examines the problems caused by the planning system and what effect it has on rural surveyors and their clients.
590 ## - LOCAL NOTE (RLIN)
Local note ABS
650 ## - SUBJECT ADDED ENTRY--TOPICAL TERM
Topical term or geographic name entry element RURAL DEVELOPMENT
650 ## - SUBJECT ADDED ENTRY--TOPICAL TERM
Topical term or geographic name entry element RURAL DIVERSIFICATION
650 ## - SUBJECT ADDED ENTRY--TOPICAL TERM
Topical term or geographic name entry element PPG7
650 ## - SUBJECT ADDED ENTRY--TOPICAL TERM
Topical term or geographic name entry element FARM BUSINESSES
650 ## - SUBJECT ADDED ENTRY--TOPICAL TERM
Topical term or geographic name entry element RURAL ECONOMY
650 ## - SUBJECT ADDED ENTRY--TOPICAL TERM
Topical term or geographic name entry element RURAL BUSINESSES
690 ## - LOCAL SUBJECT ADDED ENTRY--TOPICAL TERM (OCLC, RLIN)
Topical term or geographic name as entry element RURAL-FARM BUSINESS MANAGEMENT
942 ## - ADDED ENTRY ELEMENTS (KOHA)
Suppress in OPAC 0
Holdings
Withdrawn status Lost status Source of classification or shelving scheme Damaged status Not for loan Home library Current library Shelving location Date acquired Total Checkouts Full call number Barcode Date last seen Copy number Price effective from Koha item type
    Dewey Decimal Classification     London London Journal article 17/04/2003   ABS66648 122042-1001 06/08/2019 1 06/08/2019 Journal article